Travel with the Fewest Border Crossings #1 - Statistics

General Stats
  • This quiz has been taken 3,390 times
  • The average score is 15 of 18
Answer Stats
Origin (Step) Destination (Step) Answer % Correct
North Korea (1) Syria (1) Russia
99%
North Korea (2) Syria (2) Georgia
89%
South Africa (1) Ethiopia (1) Mozambique
88%
North Korea (3) Syria (3) Turkey
87%
South Africa (3) Ethiopia (3) Kenya
86%
South Africa (2) Ethiopia (2) Tanzania
86%
Serbia (1) Belgium (1) Hungary
85%
Serbia (2) Belgium (2) Austria
84%
Serbia (3) Belgium (3) Germany
84%
Norway (1) Slovenia (1) Russia
84%
Turkmenistan (2) Vietnam (2) China
82%
Norway (2) Slovenia (2) Ukraine
82%
Turkmenistan (1) Vietnam (1) Afghanistan
81%
Mauritania (1) Somalia (1) Algeria
80%
Mauritania (4) Somalia (4) Ethiopia
79%
Mauritania (2) Somalia (2) Libya
79%
Mauritania (3) Somalia (3) Sudan
79%
Norway (3) Slovenia (3) Hungary
77%
No matching quizzes found
Score Distribution
Percent of People with Each Score
Percentile by Number Answered
Your Score History
You have not taken this quiz